| 000 | 01276cam a2200337 a 4500 | ||
|---|---|---|---|
| 001 | 13012870 | ||
| 003 | SISC | ||
| 005 | 20160601104756.0 | ||
| 008 | 021125r20031997nyua j 000 0 eng | ||
| 010 | _a 2002154481 | ||
| 020 | _a9780679877059 | ||
| 040 |
_aDLC _cDLC _dDLC |
||
| 042 |
_apcc _alcac |
||
| 043 | _an-us--- | ||
| 050 | 0 | 0 |
_aHV 1624 .K4 _bH88 2003 |
| 082 | 0 | 0 |
_a362.4/1/092 _aB |
| 100 | 1 | _aHurwitz, Johanna. | |
| 245 | 1 | 0 |
_aHelen Keller : _bcourage in the dark / _cby Johanna Hurwitz ; illustrated by Neverne Covington. |
| 260 |
_aNew York : _bRandom House, _c2003. |
||
| 300 |
_a47 p. : _bcol. ill. ; _c23 cm. |
||
| 490 | 1 | _aStep into reading. Step 4 | |
| 500 | _aOriginally published: New York : Random House, c1997, in series: Step into reading. Step 3 book. | ||
| 600 | 1 | 0 |
_aKeller, Helen, _d1880-1968 _vJuvenile literature. |
| 600 | 1 | 0 |
_aSullivan, Annie, _d1866-1936 _vJuvenile literature. |
| 650 | 0 |
_aDeafblind women _zUnited States _vBiography _vJuvenile literature. |
|
| 700 | 1 | _aCovington, Neverne. | |
| 830 | 0 |
_aStep into reading. _pStep 4 book. |
|
| 906 |
_a7 _bcbc _corignew _d1 _eecip _f20 _gy-gencatlg |
||
| 942 |
_2lcc _cBK |
||
| 999 |
_c294945 _d294945 |
||